Dimensión laboral de la contratación y subcontratación empresarial
Guardado en:
| Autores principales: | , |
|---|---|
| Formato: | Libro |
| Lenguaje: | español |
| Publicado: |
Granada
Comares
2002
|
| Colección: | Colección Práctica de Derecho Social, 15
|
| Materias: | |
| Etiquetas: |
Agregar Etiqueta
Sin Etiquetas, Sea el primero en etiquetar este registro!
|
MARC
| LEADER | 00000nam a2200000 a 4500 | ||
|---|---|---|---|
| 001 | UCI1814 | ||
| 003 | CL-VaPUC | ||
| 008 | 070720e20020000SP |||||||||||||||||spa|d | ||
| 020 | |a 8484445526 | ||
| 082 | 0 | 4 | |a 344.01 |b MON |2 21 |
| 100 | |a Monereo Pérez, José Luis |e autor |9 604368 | ||
| 700 | 0 | |a Alvarez Montero, A |e author |9 522551 | |
| 245 | 1 | 0 | |a Dimensión laboral de la contratación y subcontratación empresarial |
| 300 | |a 192 p | ||
| 942 | |c BK | ||
| 945 | |d 20070720 00:00:00 |a rbrito | ||
| 260 | |a Granada |b Comares |c 2002 | ||
| 650 | 7 | |a DERECHO LABORAL |2 CL-VaPUC |9 15 | |
| 650 | 7 | |a CONTRATO DE TRABAJO |2 CL-VaPUC |9 522552 | |
| 650 | 7 | |a SUBCONTRATACION |2 CL-VaPUC |9 502631 | |
| 650 | 7 | |a LEY DE SUBCONTRATACION |2 CL-VaPUC |9 522553 | |
| 650 | 0 | |a Jurisprudencia |9 255952 | |
| 650 | 7 | |a TERMINO DE CONTRATO |2 CL-VaPUC |9 476827 | |
| 650 | 0 | |a Trabajadores |9 260887 | |
| 650 | 0 | |a Seguridad social |9 255322 | |
| 583 | |a last modification |c 20170801 04:23:43 |k Rodrigo Vera | ||
| 490 | 0 | |a Colección Práctica de Derecho Social, 15 | |
| 999 | |c 326548 |d 326546 | ||
| 952 | |0 0 |1 0 |4 0 |6 344_010000000000000_MON_2002 |7 0 |8 A |9 408480 |a BIBDER |b BIBDER |d 2019-11-22 |i 435561K |o 344.01 MON 2002 |p 435561K |r 2023-01-25 |w 2019-11-22 |y BK |k DER | ||